Greek Mythology Missing a Letter Quiz Stats

 Plays Quiz Updated Sep 9, 2019

Score 0/20 Timer 05:00
11 Plays Today
% Correct
The Trojan Hose
90.2%
The River Tyx
89.2%
The Three Fats
87.6%
Pandora's Ox
87%
The Golden Ouch
86.2%
The Oracle at Delhi
86%
Pollo
85.6%
The Mintaur
85.1%
The Olden Fleece
84.6%
Achilles' Eel
84.5%
% Correct
The Augean Tables
84.2%
Theses
81.7%
Oedipus Rx
81%
The Nemean Ion
80.5%
Entaur
77.9%
The Erymanthian Bar
76.6%
Chimer
72.8%
Hyperbore
70.6%
Rebus
68.8%
Anticore
63%

You're not logged in!

Compare scores with friends on all Sporcle quizzes.
OR
Log In

Sporcle TV

Today on Sporcle TV


Watch our educational content, quiz creation guides, and fun videos on Sporcle TV.

Show Comments

Extras

Top Quizzes Today


Score Distribution

Your Account Isn't Verified!

In order to create a playlist on Sporcle, you need to verify the email address you used during registration. Go to your Sporcle Settings to finish the process.

Report this User

Report this user for behavior that violates our Community Guidelines.

Details: